00202nam a22000977a 4500040000700000082000800007100001800015245004500033260001700078300000900095 cSK a363 aDOUGLAS HOLTZ aThe economics of climate change a primer aNA bDOUcNA a65p.